Coupe du Monde 2022 - Liste Espagne - Statistiques

Statistiques générales
  • Ce quiz a été pris 747 fois
  • Le résultat moyen est 17 sur 27
Statistiques - réponses
Position Team Réponse % Correct
M FC Barcelone Pedri
92%
M FC Barcelone Gavi
91%
M Manchester City Rodri
82%
D Real Madrid Dani Carvajal
79%
G Atheltic Bilbao Unai Simón
79%
M FC Barcelone Sergio Busquets
76%
D Manchester City Aymeric Laporte
75%
A FC Barcelone Ferran Torres
75%
M Paris Saint-Germain Carlos Soler
74%
A RB Leipzig Dani Olmo
74%
A Atletico Madrid Alvaro Morata
72%
D Villarreal Pau Torres
71%
D Chelsea César Azpilicueta
70%
Coach Luis Enrique
68%
D FC Barcelone Jordi Alba
67%
A Real Madrid Marco Asensio
67%
M Atletico Madrid Koke
66%
A Athletic Bilbao Nico Williams
64%
A FC Barcelone Ansu Fati
59%
A Paris Saint-Germain Pablo Sarabia
59%
D FC Barcelone Eric García
54%
M Atletico Madrid Marcos Llorente
54%
G Brentford David Raya
48%
G Brighton Robert Sánchez
45%
D Valence José Gaya
43%
A Villarreal Yeremi Pino
23%
D Valence Hugo Guillamón
14%
Aucun quiz correspondant
Distribution des résultats
% des personnes avec chaque résultat
Percentile par nombre de réponses
Votre historique - résultats
Vous n’avez pas pris ce quiz